| 000 | 00434 a2200145 4500 | ||
|---|---|---|---|
| 999 |
_c8502 _d8502 |
||
| 020 | _a9781844167074 | ||
| 050 | _aPZ 7 ROB 2009 | ||
| 100 |
_aRoberson, Chris _eauthor |
||
| 245 |
_aThree unbroken : _ba novel of the celestial empire / _cChris Roberson |
||
| 264 |
_aU.K. : _bSolaris Books, _c2009 |
||
| 300 | _a414p.; | ||
| 500 | _aNo index | ||
| 650 | _aNovel | ||
| 942 |
_2lcc _cBK _hPZ 7 ROB 2009 _iROB _kPZ 7 ROB 2009 |
||